| 000 | 00482nam a22001337a 4500 | ||
|---|---|---|---|
| 005 | 20250320112108.0 | ||
| 008 | 250320b |||||||| |||| 00| 0 eng d | ||
| 100 | _aSimi K. K. | ||
| 245 | _aRegulatory framework relating to access and benefit sharing mechanisms of marine genetic resources and associated traditional knowledge | ||
| 260 |
_aKochi _bInter University Centre for IPR Studies, CUSAT _c2024 |
||
| 300 | _aix,321p. | ||
| 700 | _aGuided by Kavitha Chalakkal | ||
| 942 | _cOO | ||
| 999 |
_c114936 _d114935 |
||